Pakistan statistical year book (Record no. 353835)
[ view plain ]
| 000 -LEADER | |
|---|---|
| fixed length control field | 00590nam a22001577a 4500 |
| 003 - CONTROL NUMBER IDENTIFIER | |
| control field | OSt |
| 005 - DATE AND TIME OF LATEST TRANSACTION | |
| control field | 20180116192419.0 |
| 008 - FIXED-LENGTH DATA ELEMENTS--GENERAL INFORMATION | |
| fixed length control field | 131120t xxu||||| |||| 00| 0 eng d |
| 040 ## - CATALOGING SOURCE | |
| Transcribing agency | 0 |
| 082 ## - DEWEY DECIMAL CLASSIFICATION NUMBER | |
| Classification number | 016.3173 |
| Author Mark | GOV 2012 |
| 110 0# - MAIN ENTRY--CORPORATE NAME | |
| Corporate name or jurisdiction name as entry element | Government of Pakistan, Statistics Division, Pakistan Bureau of Statistics. |
| 9 (RLIN) | 7104 |
| 245 1# - TITLE STATEMENT | |
| Title | Pakistan statistical year book |
| Statement of responsibility, etc. | by Government of Pakistan, Statistics Division, Pakistan Bureau of Statistics. |
| 260 ## - PUBLICATION, DISTRIBUTION, ETC. | |
| Place of publication, distribution, etc. | Islamabad : |
| Name of publisher, distributor, etc. | Government of Pakistan, Statistics Division, Pakistan Bureau of Statistics. |
| Date of publication, distribution, etc. | 2012 |
| 300 ## - PHYSICAL DESCRIPTION | |
| Extent | 558 p. |
| 942 ## - ADDED ENTRY ELEMENTS (KOHA) | |
| Source of classification or shelving scheme | |
| Koha item type | Reference |
| Withdrawn status | Lost status | Source of classification or shelving scheme | Damaged status | Not for loan | Permanent Location | Current Location | Date acquired | Total Checkouts | Full call number | Barcode | Date last seen | Cost, replacement price | Price effective from | Koha item type |
|---|---|---|---|---|---|---|---|---|---|---|---|---|---|---|
| School of Art Design and Architecture (SADA) | School of Art Design and Architecture (SADA) | 09/25/2013 | REF 016.31 GOV 2012 | SADA0002143 | 11/20/2013 | 1000.00 | 11/20/2013 | Reference |
